书目信息 |
| 题名: |
妇产科临床鉴别诊断
|
|
| 作者: | 杨伟文 , 胡建铭 主编 | |
| 分册: | ||
| 出版信息: | 南京 凤凰出版传媒集团 2005 |
|
| 页数: | 575页 | |
| 开本: | 21cm | |
| 丛书名: | 实用临床鉴别诊断丛书 | |
| 单 册: | ||
| 中图分类: | R710.4 | |
| 科图分类: | ||
| 主题词: | 妇产科病--Fu Chan Ke Bing--鉴别诊断 | |
| 电子资源: | ||
| ISBN: | 7-5345-4594-3 | |
| 000 | 00921nam 2200265 450 | |
| 001 | CAL 012005134675 | |
| 005 | 20061122163149.84 | |
| 010 | @a7-5345-4594-3@b精装@dCNY 40.00 | |
| 099 | @aCAL 012005134675 | |
| 100 | @a20051124d2005 ekmy0chiy0121 ea | |
| 101 | 0 | @achi |
| 102 | @aCN@b320000 | |
| 200 | 1 | @a妇产科临床鉴别诊断@AFu Chan Ke Lin Chuang Jian Bie Zhen Duan@f杨伟文,胡建铭主编@Fyang wei wen,hu jian ming zhu bian |
| 205 | @a第2版 | |
| 210 | @a南京@c凤凰出版传媒集团@c江苏科学技术出版社@d2005 | |
| 215 | @a575页@c图@d21cm | |
| 225 | 2 | @a实用临床鉴别诊断丛书@AShi Yong Lin Chuang Jian Bie Zhen Duan Cong Shu |
| 320 | @a有书目 (第570-575页) 和索引。 | |
| 410 | 0 | @12001 @a实用临床鉴别诊断丛书 |
| 606 | 0 | @a妇产科病@AFu Chan Ke Bing@x鉴别诊断 |
| 690 | @aR710.4@v4 | |
| 701 | 0 | @a杨伟文@Ayang wei wen@4主编 |
| 701 | 0 | @a胡建铭@Ahu jian ming@4主编 |
| 801 | @aCN@c20061122 | |
| 905 | @a10447@dR710.4@eY297 | |
| 妇产科临床鉴别诊断/杨伟文,胡建铭主编.-第2版.-南京:凤凰出版传媒集团:江苏科学技术出版社,2005 |
| 575页:图;21cm.-(实用临床鉴别诊断丛书) |
| ISBN 7-5345-4594-3(精装):CNY 40.00 |
| ● |
| 相关链接 |
|
|
|
正题名:妇产科临床鉴别诊断
索取号:R710.4/Y297
 
预约/预借
| 序号 | 登录号 | 条形码 | 馆藏地/架位号 | 状态 | 备注 |
| 1 | 614368 | 206143680 | 自科库401/401自科库 20排1列2层/ [索取号:R710.4/Y297] | 在馆 | |
| 2 | 614369 | 206143699 | 自科库401/401自科库 20排1列2层/ [索取号:R710.4/Y297] | 在馆 |